| 000 | 00640nam a22002417a 4500 | ||
|---|---|---|---|
| 003 | UA-OsUOA | ||
| 001 | 30316 | ||
| 007 | ta | ||
| 008 | 20041109b un ||||| |||| 00| 0 ukr d | ||
| 100 | _aГерасимов Евгений | ||
| 090 |
_a929:32(47+57) _bГ37 |
||
| 942 | _cBK | ||
| 040 |
_aUA-OsUOA _brus _cUA-OsUOA _dUA-OsUOA |
||
| 245 | _aН. А. Щорс | ||
| 300 | _a127 с. | ||
| 955 | _a0 | ||
| 041 | _arus | ||
| 080 | _a929:32(47+57) | ||
| 260 |
_aМосква _bВоенное изд-во Министерства вооружоных сил Союза ССР _c1959 |
||
| 044 | _aRU | ||
| 650 | 7 | _2UDC | |
| 999 |
_c316727 _d316727 |
||